00834nam a22002177a 450000500170000001000150001702000280003203500140006003700090007408200110008324501260009425000060022026000480022627000820027430000200035670000310037670000320040794200250043999900190046495201330048320250811115242.0 aENG-146438 c1415.00 a9789354428920 aEN-129970 bDBAD a302.23 aInhabiting Technologies Modernities:cedited by P Thirumal [and] K A NuaimanbMedia and Cultural Practices in South Asia/ a1 aTelanganabOrient Blackswan Private Limited a3-6-752, Himayatnagar, bHyderabade500029mcentraloffice@orientblackswan.com a398 p.c23 (pb) aThirumal, Peeditor984027 aNuaiman, K Aeeditor984028 2ddccENh302.23mINH c212988d212988 001040708NFICaBL1bBL1d2025-08-11eDBADg1415.00l0o302.23 INHpEN-129970r2025-08-11 00:00:00t1v1415.00w2025-08-11yEN